000
002980000a22000970004500
100
1
_a
Linville, James R.
245
1
0
_a
Amos among the dead prophets society : Re-reading the lion's roar
300
_a
Núm 90 (2000), Páginas 55-77
773
0
_t
Journal for the Study of the Old Testament
942
_c
ANA
999
_c
54709
_d
54709